000 00779cam a2200253 a 4500
008
020 _a1859960804 (hbk.)
090 _aQP552.M44FIN
245 0 0 _aMembrane protein models /
_c[edited by] J.B.C. Findlay.
260 _aOxford :
_bBios Scientific Publishers,
_c1996.
300 _axvi, 213 p. :
_bill. (some col.) ;
_c25 cm.
504 _aIncludes bibliographical references.
500 _aIncludes index.
650 0 _aMembrane proteins
_xComputer simulation.
650 2 _aComputer Simulation.
653 0 _aCells
_aMembranes.
700 1 _aFindlay, J. B. C.
907 _a.b10166920
_b28-03-06
_c04-07-05
003
005 20230123134027.0
040 _cNUST
049 _aMAIN
942 _cBOOKS
_kQP552.M44FIN
999 _c158766
_d158766